MODERN CONCEPTS OF MINE SURVEYING (VOL-2) (Record no. 5669)

MARC details
000 -LEADER
fixed length control field 00365nam a22001457a 4500
005 - DATE AND TIME OF LATEST TRANSACTION
control field 20171206162709.0
008 - FIXED-LENGTH DATA ELEMENTS--GENERAL INFORMATION
fixed length control field 171206b xxu||||| |||| 00| 0 eng d
041 ## - LANGUAGE CODE
Language code of text/sound track or separate title eng
082 ## - DEWEY DECIMAL CLASSIFICATION NUMBER
Classification number 622.14
100 ## - MAIN ENTRY--AUTHOR NAME
Personal name CHAND, ALAM
245 ## - TITLE STATEMENT
Title MODERN CONCEPTS OF MINE SURVEYING (VOL-2)
Statement of responsibility, etc ALAM CHAND
260 ## - PUBLICATION, DISTRIBUTION, ETC. (IMPRINT)
Place of publication DHANBAD
Name of publisher NEW SKETCH PRESS
300 ## - PHYSICAL DESCRIPTION
Number of Pages 179p,
942 ## - ADDED ENTRY ELEMENTS (KOHA)
Koha item type Books
Holdings
Lost status Damaged status Collection code Home library Current library Shelving location Date acquired Source of acquisition Cost, normal purchase price Full call number Accession Number Koha item type
    MINING JRU Library JRU Library SHELF-88-A 06/12/2017 PURCHESS 250.00 622.14 22294 Books
    MINING JRU Library JRU Library SHELF-88-A 06/12/2017 PURCHESS 250.00 622.14 22295 Books
      JRU Library   SHELF-88-A 06/12/2017 PURCHESS 250.00 622.14 22296 Books
    MINING JRU Library JRU Library SHELF-88-A 06/12/2017 PURCHESS 250.00 622.14 22297 Books
      JRU Library   SHELF-88-A 06/12/2017 PURCHESS 250.00 622.14 22298 Books